00633nam a2200193Ia 4500008004100000020001800041082001600059100001500075245005200090250000800142260004200150300003300192500001900225600002700244650001500271942000700286952012900293999001700422240925s9999 xx 000 0 und d a9789332514416 a621.319 BAL aBali, S.P 0aElectrical Technology: machines and measurement a1st aNew Delhi:bPearson Educationc,2013. aVarious pagesbN.AfOriginal aIncludes Index aElectrical Engineering aTechnology cBK 001040708ELaUITUbUITUd2014-10-15eZ S Book Agencyg3679.00l0o621.319 BALpQ9956r2024-09-25 07:15:32w2024-09-25yBK c12455d12455